The Big Bang Theory Characters Quiz Stats

Quiz not verified by Sporcle

Challenge
Share
Tweet
Embed
Score 0/8 Timer 01:00
0 Plays Today
Actor Character % Correct
Jim ParsonsSheldon Cooper
99.3%
Kaley CuocoPenny
98.4%
Kunal NayyarRajesh Kooththrappali
96.2%
Johnny Galecki Leonard Hofstadter
94.6%
Simon HelbergHoward Wolowitz
93.4%
Mayim BialikAmy Farrah Fowler
83%
Melissa RauchBernadette
78.2%
Sara GilbertLeslie Winkle
67.9%

You're not logged in!

Compare scores with friends on all Sporcle quizzes.
Join for Free
OR
Log In

You Might Also Like...

Show Comments

Extras

Top Quizzes Today


Score Distribution

Your Account Isn't Verified!

In order to create a playlist on Sporcle, you need to verify the email address you used during registration. Go to your Sporcle Settings to finish the process.

Report this User

Report this user for behavior that violates our Community Guidelines.

Details: